|
|
|
|
| LEADER |
01157nam a22002777a 4500 |
| 001 |
42040 |
| 003 |
BD-DhAAL |
| 005 |
20240109121540.0 |
| 008 |
240109t1985 bg ||||| b||| 00| 0 eng d |
| 040 |
|
|
|a BD-DhAAL
|d BD-DhAAL
|
| 082 |
|
|
|a 338.900917671
|2 20
|
| 100 |
|
|
|a Sharif, M. Raihan.
|9 11531
|
| 245 |
|
|
|a Islamic economy :
|b principles and applications (Book I and II) /
|c M. Raihan Sharif.
|
| 246 |
|
|
|a Islamic economy
|
| 260 |
|
|
|a Islamic Foundation Bangladesh :
|b Dhaka,
|c 1985.
|
| 300 |
|
|
|a ii, 426 pages :
|b illustrations ;
|c 22 cm.
|
| 500 |
|
|
|a Cover title: Islamic economics
|
| 504 |
|
|
|a Includes bibliographical references.
|
| 541 |
|
|
|a Complimentary copy from Professor Dr. Nasreen Khundker
|e 42040
|
| 650 |
|
|
|a Economic development
|x Religious aspects
|x Islam.
|
| 650 |
|
|
|a Islam
|x Economic aspects.
|
| 650 |
|
|
|2 Economics.
|
| 651 |
|
|
|a Islamic countries
|x Economic policy.
|9 55899
|
| 942 |
|
|
|2 ddc
|c BK
|
| 999 |
|
|
|c 46279
|d 46279
|
| 952 |
|
|
|0 0
|1 0
|2 ddc
|4 0
|6 338_900917671000000_SHA
|7 0
|9 74920
|a BRACUL
|b BRACUL
|c GEN
|d 2024-01-09
|e Complimentary copy from Professor Dr. Nasreen Khundker
|g 60.00
|l 0
|o 338.900917671 SHA
|p 3010042040
|r 2024-01-09
|t 1
|w 2024-01-09
|y BK
|